LEADER 01093nam0-22003131i-450- 001 990006762800403321 005 20130327110830.0 035 $a000676280 035 $aFED01000676280 035 $a(Aleph)000676280FED01 035 $a000676280 100 $a20010426d1987----km-y0itay50------ba 101 1 $aita 102 $aIT 105 $ay-------001yy 200 1 $aPer una nuova cooperazione in Africa$el'impegno delle organizzazioni non governative francesi e italiane, ACRA, AFDI, AFVP, CFCF, CIMADE, COOPI, COSV, CUAMM, FDU, GRET, IRAM, LVIA, UNMFREO$fH. Rouillé d'Orfeuil, G.C. Costadoni 210 $aTorino$cSocietà editrice internazionale$d1987 215 $aXXII, 282 p.$d21 cm 225 1 $a<>nuova Africa 300 $aTrad. di Gian Carlo Costadoni 700 1$aRouillé d'Orfeuil,$bHenri$0410950 701 1$aCostadoni,$bGian Carlo$0408719 801 0$aIT$bUNINA$gRICA$2UNIMARC 901 $aBK 912 $a990006762800403321 952 $aXIV E 3628$b19118$fFSPBC 959 $aFSPBC 996 $aPer una nuova cooperazione in Africa$9631358 997 $aUNINA LEADER 01863nam 2200337z- 450 001 9910572190703321 005 20230221125352.0 035 $a(CKB)5860000000047080 035 $a(oapen)https://directory.doabooks.org/handle/20.500.12854/83674 035 $a(EXLCZ)995860000000047080 100 $a20202206d2012 |y 0 101 0 $aita 135 $aurmn|---annan 181 $ctxt$2rdacontent 182 $cc$2rdamedia 183 $acr$2rdacarrier 200 10$aLa filosofia del dialogo di Guido Calogero 210 $aFirenze$cFirenze University Press$d2012 215 $a1 electronic resource (259 p.) 225 1 $aPremio Ricerca «Città di Firenze» 311 $a88-927-3565-9 330 $aCentred around the topic of dialogue, the philosophical position which Guido Calogero (1904-1986) came to hold at the beginning of the 1950s, and developed in his subsequent studies, establishes a complex relationship with the philosophical research from the years before, interested in the historical origins of the logical and gnoseological problems in ancient thought and their necessary dissolution in contemporary idealism. This work highlights how these bonds condition the formulation of the dialogic principle, despite the philosopher's intention to assert its speculative autonomy; but it also shows, at the same time, how this renewed ethical criterion enriches Calogero's position, opening it to developments that contemporary reflection can acquire and investigate further. 606 $aHistory of Western philosophy$2bicssc 606 $aNon-Western philosophy$2bicssc 615 7$aHistory of Western philosophy 615 7$aNon-Western philosophy 700 $aPagano$b Maurizio$4auth$0188200 906 $aBOOK 912 $a9910572190703321 996 $aLa filosofia del dialogo di Guido Calogero$91928818 997 $aUNINA